000 01229nam a2200325 a 4500
001 000114166
003 CHAP
005 20220329144429.0
008 171109s2017 mx sm |||||||spa d
010 _a110627
011 _a111599
040 _cCHAP
090 _aTesis
100 1 _aMonsivais Hidrogo, Ashley Pamela
_9134057
245 1 0 _aMinería de datos para la parametrización de un sistema experto como auxilio en la toma de decisiones
_h[En línea]
_cpor Ashley Pamela Monsivais Hidrogo.
260 _aChapingo, Méx. :
_bEl autor,
_c2017.
500 _aPara ver el contenido del material haga clic en la liga
502 _aTesis (Ing. en Sistemas Agricolas) -- UACH. Unidad Regional Universitaria de Zonas Aridas
590 _aE6339RRR
_b05
_c20171109
_lUCH01
_h1044
590 _aE6339RRR
_b05
_c20171109
_lUCH01
_h1045
590 _aE6339RRR
_b05
_c20171109
_lUCH01
_h1046
650 1 4 _aAgricultura de temporal.
_91999
650 1 4 _aAgricultura
_xInnovaciones tecnológicas.
_91565
650 1 4 _aAgricultura
_xSistemas de información.
_91796
650 1 4 _aAgua de lluvia.
_92412
856 _aFinding aid
_uhttp://10.13.5.2/tesis/sist114166.pdf
_zTeclea aquí
901 _aBK
942 _cTESIS
942 _n0
999 _c110627
_d110627